Bioinformatics (Record no. 161)

MARC details
000 -LEADER
Fixed length control field 00536nam a2200193 4500
003 - CONTROL NUMBER IDENTIFIER
Control field SEACOMEC
005 - DATE AND TIME OF LATEST TRANSACTION
Control field 20240902155758.0
008 - FIXED-LENGTH DATA ELEMENTS--GENERAL INFORMATION
Fixed length control field 231006b |||||||| |||| 00| 0 eng d
020 ## - INTERNATIONAL STANDARD BOOK NUMBER / ISBN
International Standard Book Number 155860-829X
040 ## - CATALOGING SOURCE
Original cataloging agency SEACOMEC
082 ## - DEWEY DECIMAL CLASSIFICATION NUMBER
Classification number 572.0285
Book Number B615
100 1# - MAIN ENTRY--PERSONAL NAME
Personal name Lacroix, Zoe
245 1# - TITLE STATEMENT
Title Bioinformatics
Sub title : managing scientific data/
Statement of responsibility Zoe Lacroix and Terence Critchlow
260 ## - IMPRINT
Place of publication New Delhi
Name of publisher Elsevier
Date of publication 2004
650 ## - SUBJECT ADDED ENTRY--TOPICAL TERM
Topical term Engineering
650 ## - SUBJECT ADDED ENTRY--TOPICAL TERM
Topical term Biology- Bioinformatics
700 1# - ADDED ENTRY--PERSONAL NAME
Personal name Critchlow, Terence
942 ## - ADDED ENTRY ELEMENTS (KOHA)
Koha item type Books
Holdings
Withdrawn status Lost status Source of classification Damaged status Not for loan Home library Current library Date acquired Total Checkouts Call number Accession number Date last seen Price effective from Koha item type
    Dewey Decimal Classification     SEACOM ENGINEERING COLLEGE SEACOM ENGINEERING COLLEGE 16/04/2024   572.0285 B615 5129 16/04/2024 16/04/2024 Books
© Seacom Engineering College, All rights reserved.      Powered by Koha